000
00203nam a22000857a 4500
008
161205b xxu||||| |||| 00| 0 eng d
100
_9
1792
_a
Lav
245
_a
Hindi Story
260
_a
New delhi
_b
Evershine
_c
2011
999
_c
4501
_d
4501